000 00193 a2200097 4500
020 _a9781741854404
041 _aeng
100 _aHeather Hammonds
245 _aDog triks y training
942 _cK
999 _c30693
_d30691